000 00470 a2200181 4500
020 _a0140448152
035 _a(OCoLC)ocm48930889
040 _aDLC
_bDLC
082 0 4 _a182
245 0 0 _aEarly Greek philosophy
_cJonathan Barnes.
250 _a2nd rev. ed.
260 _aLondon :
_bPenguin,
_c2001.
300 _al, 282 p. :
_b1 map ;
_c20 cm.
440 0 _aPenguin classics
650 0 _aPhilosophy, Ancient.
700 1 _aBarnes, Jonathan.
942 _cBK
_k182 BAR
_2ddc
999 _c7027
_d7027